000 00649cab a2200181 4500
001 WB2629-22
008 090401t1990 xxu||||| |||| 00| 0 eng d
035 _a(Sirsi) u22498
041 _aeng
245 _aRetailers requirements on FOCUS
260 _c1990
350 _a0
490 _aFOCUS Press Release
_v19 July 1990, 2 pages
520 _aRetailers can at no cost to themselves provide FOCUS with details of their space requirements, which will be loaded onto the retail database , to which estate agents and surveyors subscribe.
690 _aMANAGEMENT-BUSINESS MANAGEMENT-INFORMATION MANAGEMENT
942 _n0
948 _c04/03/1997
999 _c15076
_d15076